| 000 | 00902cam a22002174a 4500 | ||
|---|---|---|---|
| 005 | 20250605163923.0 | ||
| 008 | 250528s ||||||||||||||||||||||||d | ||
| 035 | _a14470 | ||
| 020 | _a761927573 | ||
| 040 |
_aGR-AtMCL _bgre _dGR-AtMCL _eAACR2 |
||
| 245 | 1 | _aThe Sage Handbook of Qualitative Research / Third Edition | |
| 250 | _a3rd | ||
| 260 |
_bSage Publications, _c2005 |
||
| 300 | _a1214 | ||
| 520 | _aThis book represents the state of art for the theory and practice of qualitative inquiry. Preface, Locating the Field, Paradigms and Perspectives in Contention, Strategies of Inquiry, Methods of Collecting and Analyzing Empirical Materials, The Art and Practices of Interpretation and Evaluation and Presentation, The Future of Qualitative Research, Epilogue. | ||
| 700 | 1 |
_aDenzin Norman K _9153 |
|
| 700 | 1 |
_aLincoln Yvonna S. _9154 |
|
| 942 | _cBK | ||
| 999 |
_c100 _d100 |
||